| 000 | 00688nam a22002297a 4500 | ||
|---|---|---|---|
| 999 |
_c534057 _d534057 |
||
| 003 | NUST | ||
| 005 | 20200129122819.0 | ||
| 008 | 160108b xxu||||| |||| 00| 0 eng d | ||
| 020 | _a9694960835 | ||
| 038 | _aMSOHAIL | ||
| 040 | _cNUST | ||
| 082 |
_a891.4391 _bANW |
||
| 100 |
_aAnwar Masood _91453 |
||
| 245 |
_aQata Kalami _cAnwar Masood |
||
| 260 |
_aIslamabad: _c1999. _bDost publications, |
||
| 300 | _a124;p | ||
| 650 |
_aUrdu Literature _xGeneral _920894 |
||
| 880 |
_6100-01\(3\r _aانور مسعود |
||
| 880 |
_6245-02\(3\r _aقطع کلامی _cانور مسعود |
||
| 880 |
_6260-03\(3\r _aاسلام آباد: _bدوست پبلی کیشنز، _c2010 |
||
| 942 |
_2ddc _cBK |
||